000 01098cam a22003257a 4500
003 CHAP
005 20220329133053.0
008 971013s1990 r 00010 d
010 _a1823
011 _a2795
035 _a1995
040 _cCHAP
090 _aTesis
100 0 0 _aPeña del Angel, José Francisco.
_986780
245 0 _aManejo y tecnificación de la cafeticultura en la región de Xicotepec de Juárez, Pue., México
260 _aMarín, N. L. :
_bEl Autor,
_c1990
300 _a85 h.
_b: ilus.
502 _aTesis (Ing. Agr. Fitotecnista) -- Universidad Autónoma de Nuevo León. Fac. de Agronomía
590 _aALEPH
_b10
_c20130110
_lUCH01
_h1209
590 _aBATCH-UPD
_b10
_c20130110
_lUCH01
_h2047
590 _aBATCH-UPD
_b10
_c20130410
_lUCH01
_h1400
590 _aBATCH-UPD
_b10
_c20130914
_lUCH01
_h0810
590 _aCONVERSION
_b10
_c20130109
_lUCH01
_h1302
650 1 4 _aCafé
_xPropagación.
_917190
650 1 4 _aCafé
_zPuebla.
_917214
650 1 4 _aViveros cafetaleros.
_9120098
901 _aBK
942 _cTESIS
949 _bBC
_cTES
_d-11490
_eTS1
_h23768
_i1995
_si
999 _c1823
_d1823